Hodnotenie výkonnosti systému manažérstva kvality v podmienkach výrobného podniku

Salvato in:
Dettagli Bibliografici
Autore principale: Naščáková, Jana
Altri autori: Weiss, Erik, 1979-, Mixtaj, Ladislav
Natura: Capitolo di libro
Lingua:slovacco
Tags: Aggiungi Tag
Nessun Tag, puoi essere il primo ad aggiungerne!!

MARC

LEADER 00000nla$a2200000$$$4500
001 0122717
005 20240502072403.6
041 0 |a slo 
044 |a SK 
245 1 0 |a Hodnotenie výkonnosti systému manažérstva kvality v podmienkach výrobného podniku  |c Jana Naščáková, Erik Weiss, Ladislav Mixtaj 
100 1 |a Naščáková, Jana 
700 1 |a Weiss, Erik, 1979- 
700 1 |a Mixtaj, Ladislav